| 000 | 00447nam a22001457a 4500 | ||
|---|---|---|---|
| 008 | 151029b xxu||||| |||| 00| 0 eng d | ||
| 050 | _aPR4711.M3 1970 | ||
| 100 |
_aMcVeagh, John _920708 |
||
| 245 |
_aElizabeth Gaskell _cJohn McVeagh |
||
| 260 |
_aLondon _bRouteledge and Kegan Paul _c1970 |
||
| 300 |
_aviii, 104p. ; _c19cm. |
||
| 440 |
_aProfiles in Literature _920709 |
||
| 600 |
_aGaskell, Elizabeth Cloghorn _920710 |
||
| 942 |
_2lcc _cMONOGRAPH |
||
| 999 |
_c123671 _d123671 |
||